| 000 | 00375nam a2200157Ia 4500 | ||
|---|---|---|---|
| 008 | 210716s2003 xx 000 0 und d | ||
| 020 | _a8177223909 | ||
| 041 | _aeng | ||
| 082 | _a153.94 VAIJ | ||
| 100 | _aVaishnav, Jagdeep I. | ||
| 245 | _aCracking the mba/mat. | ||
| 250 | _a1 | ||
| 260 |
_aNew Delhi _bBiztantra _c2003 |
||
| 300 | _a683 | ||
| 650 | _aGeneral Knowledge | ||
| 999 |
_c197782 _d197782 |
||